Steam: its generation and use

Bewaard in:
Bibliografische gegevens
Hoofdauteurs: Stultz, S. C (Auteur), Kitto, J. B (Auteur)
Formaat: Boek
Taal:Engels
Gepubliceerd in: Cleveland Babcock & Wilcox 1992
Editie:40a. ed
Onderwerpen:
Tags: Voeg label toe
Geen labels, Wees de eerste die dit record labelt!

MARC

LEADER 00000nam a2200000 a 4500
001 UCK4490
003 CL-VaPUC
008 050610e19920000us |||||||||||||||||eng|d
020 |a 0963457004 
082 0 4 |a 621.1  |b STU  |2 21 
100 0 |a Stultz, S. C  |e author  |9 492991 
700 0 |a Kitto, J. B  |e author  |9 492992 
245 1 0 |a Steam: its generation and use 
250 |a 40a. ed 
300 |a pág. irreg 
942 |c BK 
945 |d 20050610 00:00:00  |a cmena 
260 |a Cleveland  |b Babcock & Wilcox  |c 1992 
650 0 |a Vapores  |9 503602 
650 0 |a Ingeniería del vapor   |9 428733 
650 7 |a GENERACION DE ENERGIA  |2 CL-VaPUC  |9 492994 
650 7 |a ENERGIA QUIMICA  |2 CL-VaPUC  |9 492995 
650 0 |a Energía nuclear   |9 255228 
650 7 |a MANTENCION Y REPARACION  |2 CL-VaPUC  |9 492996 
650 0 |a Diseño de máquinas   |9 271533 
583 |a last modification  |c 20171004 04:58:23  |k Rodrigo Vera 
999 |c 313323  |d 313321